000 00843cam a22002653a 4500
001 27741
003 PGUSA
005 20140828083611.0
008 090107s2009||||xxu|||||s|||||000 1 eng d
040 _aPGUSA
_beng
042 _adc
050 4 _aPS
100 1 _aSmith, Francis Hopkinson,
_d1838-1915
245 1 0 _aColonel Carter's Christmas and The Romance of an Old-Fashioned Gentleman
_h[electronic resource] /
_cFrancis Hopkinson Smith
260 _bProject Gutenberg,
_c2009
506 _aPublic domain in the USA.
516 _aElectronic text
653 _aVirginia -- Fiction
653 _aChristmas stories
700 1 _aKeller, Arthur Ignatius,
_d1866-1924
700 1 _aYohn, F. C.
_q(Frederick Coffay),
_d1875-1933
830 0 _aProject Gutenberg
_v27741
856 4 0 _uhttp://www.gutenberg.org/ebooks/27741
942 _cEB
999 _c256996
_d256996